Normal view
MARC view
- SOIL MECHANICS, SOIL MOISTURE, SOIL STRUCTURE INTERACTION
Entry Topical Term
001 - CONTROL NUMBER
- control field: 66643
003 - CONTROL NUMBER IDENTIFIER
- control field: NUST
005 - DATE AND TIME OF LATEST TRANSACTION
- control field: 20210628203631.0
008 - FIXED-LENGTH DATA ELEMENTS
- fixed length control field: 210628|| aca||aabn | a|a d
040 ## - CATALOGING SOURCE
- Original cataloging agency: NUST
- Transcribing agency: NUST
150 ## - HEADING--TOPICAL TERM
- Topical term or geographic name entry element: SOIL MECHANICS, SOIL MOISTURE, SOIL STRUCTURE INTERACTION
670 ## - SOURCE DATA FOUND
- Source citation: Work cat.: (NUST): Edil, Tuncer B 66642, Geotechnics of high water content materials, 2000
